000 00816cab a2200253 4500
001 WB3140-21
008 090401t1995 xxu||||| |||| 00| 0 eng d
035 _a(Sirsi) u9101
041 _aeng
245 _aMortgage hurdle for home workers
260 _c1995
350 _a0
490 _aObserver
_vBusiness 22 October 1995, 13(1)
520 _aDiscusses the problem mortgage seekers who work from home have. It is argued the Inland Revenue do not make it clear that provided no more than a third of the home is used for business Miras can still be claimed, but on a separate form, Miras 3.
650 _aHOME WORKERS
650 _aMIRAS 3
650 _aMIRAS
650 _aMORTGAGES
650 _aTAX RELIEF
690 _aHOUSING-FINANCE
690 _aTAXATION
942 _n0
948 _c04/03/1997
999 _c5641
_d5641